• 首页
  • 本馆介绍
  • 公告通知
  • 最新文献
  • 馆藏检索
  • 电子资源
  • 读者导购
  • 参考咨询
  • 我的图书馆
  • 登录
  • 详细信息显示
  • 放入我的书架
  • 预约/预借图书
  • 作者相关作品
  • 分类相关作品
  • 丛书相关作品
  • 出版社相关作品

书目信息

  • 表格格式
  • 工作单格式
  • 卡片格式
题名:
气焊与切割问答
    
 
作者: 鲍保森 著
分册:  
出版信息: 北京   科学普及出版社  1981.3
页数: 100页
开本: 20cm
丛书名:
单 册:
中图分类: TG4
科图分类:
主题词: 焊接 , 切割 , 金属--粘接
电子资源:
ISBN:
000 00568nam0 2200217 45
001 0312221749
005 20031222170911.4
010    @dCNY0.30
100    @a20031222d1981 km y0chiy0120 ea
101    @achi
105    @a z 000yy
200 1  @a气焊与切割问答@AQi Han Yu Qie Ge Wen Da@f(英)鲍保森著@F(Ying)Bao Bao Sen Zhu
210    @a北京@c科学普及出版社@d1981.3
215    @a100页@d20cm
606 0  @a焊接
606 0  @a切割
606 0  @a金属@x粘接
690    @aTG4@v3
701 0  @a鲍保森@4著
801    @aCN@bTSTCL@c20031222
905    @a213230@dTG4@e11@b61959@f1
    
    气焊与切割问答/(英)鲍保森著.-北京:科学普及出版社,1981.3
    100页;20cm
    
    
    ISBN :CNY0.30
    
●
相关链接 在E读中查询图书 在五车中查询图书 在当当中查询图书 在豆瓣中查询图书


正题名:气焊与切割问答     索取号:TG4/11         预约/预借

序号 登录号 条形码 馆藏地/架位号 状态 备注
1 0061959   001362885   第二样本阅览室/ [索取号:TG4/11] 在馆    
唐山师范学院图书馆 欢迎您!
大连网信软件有限公司© 版权所有